000 00491nam a2200181Ia 4500
001 15151
003 GE_BSU
008 181216s||||||||xx |||||||||||||| ||und||
040 _cGE_BSU
080 _a821.353.1-32
100 _aქიაჩელი,ლეო
245 _aშეიცავს 1 ტომს. მოთხრობები
260 _aტფილისი
260 _c1924
300 _a432გვ.20სმ.
653 _aმოთხრობები
942 _cBK
999 _c48266
_d48266